| 000 | 00723nam a2200265Ia 4500 | ||
|---|---|---|---|
| 008 | 220216s9999 xx 000 0 und d | ||
| 100 | _aSathik M B M | ||
| 245 | 0 | _aQuantitative expression analysis of stress responsive genes under cold stress in Hevea brasiliensis | |
| 260 |
_bRubber Science _c2012 |
||
| 300 | _a199-213 | ||
| 500 | _aSource Year: 2012 | ||
| 650 | _aCold stress | ||
| 650 | _aCold stress | ||
| 650 | _aGene expression | ||
| 650 | _aGene expression | ||
| 650 | _arPCR analysis | ||
| 650 | _arPCR analysis | ||
| 700 | _aAnnamalainathan K | ||
| 700 | _aJacob James | ||
| 700 | _aKuruvilla Linu | ||
| 700 | _aLuke Lisha P | ||
| 700 | _aSatheesh P R | ||
| 700 | _aThomas M | ||
| 942 | _cAR | ||
| 999 |
_c46777 _d46777 |
||